La psicología española a través de la revista Estudios de Psicología: una aproximación bibliométrica (Record no. 718085)

000 -CABECERA
Campo de control de longitud fija 00589nab a2200157Ia 4500
003 - IDENTIFICADOR DEL NÚMERO DE CONTROL
Campo de control ES-SlBCS
005 - FECHA Y HORA DE LA ÚLTIMA TRANSACCIÓN
Campo de control 20210601145022.0
008 - CÓDIGOS DE INFORMACIÓN DE LONGITUD FIJA
Campo de control de longitud fija 140529s1991 xxu||||| |||| 00| 0 spa d
041 ## - CÓDIGO DE LENGUA
Código de lengua del texto/banda sonora o título independiente spa
100 1# - PUNTO DE ACCESO PRINCIPAL-NOMBRE DE PERSONA
Nombre de persona Bañuls, Rosa
9 (RLIN) 221746
245 00 - MENCIÓN DE TÍTULO
Título La psicología española a través de la revista Estudios de Psicología: una aproximación bibliométrica
Mención de responsabilidad, etc. Rosa Bañuls, M. J. López Latorre
650 04 - PUNTO DE ACCESO ADICIONAL DE MATERIA-TÉRMINO DE MATERIA
Término de materia o nombre geográfico como elemento inicial Psicología Española
9 (RLIN) 128035
773 0# - ENLACE AL DOCUMENTO FUENTE
Título Revista de Historia de la Psicologia
Parte(s) relacionada(s) vol. 12, nº. 2, 1991, págs. 183-194
Número de control del registro relacionado Rev700
700 1# - PUNTO DE ACCESO ADICIONAL-NOMBRE DE PERSONA
Nombre de persona López Latorre, M. J.
9 (RLIN) 307023
942 ## - ENTRADA DE ELEMENTOS AGREGADOS (KOHA)
Koha [por defecto] tipo de item Artículos de revista
Holdings
Suprimido Perdido Estropeado No para préstamo Localización permanente Localización actual Localización en estantería Fecha adquisición Préstamos totales Fecha última consulta Fecha del precio de reemplazo Tipo de item de Koha
        San Esteban San Esteban Depósito de revistas 11/07/2014   11/07/2014 11/07/2014 Artículos de revista

Bibliotecas Dominicos Provincia Hispania, 2016

Con tecnología Koha